Music Quiz

Random Music or Song Quiz

Fairly Oddparents theme song Quiz Stats

 Plays Quiz not verified by Sporcle

Challenge
Share
Tweet
Embed
Score 0/98 Timer 10:00
0 Plays Today
Lyrics % Correct
Timmy
99.7%
is
96.4%
an
95.1%
kid
93.7%
average
92.2%
no
81%
one
81%
understands
80.5%
Mom
79.7%
and
79.5%
Dad
79.5%
and
79.2%
Vicky
78.3%
always
77.1%
him
76.1%
giving
75.9%
commands
73.6%
but
61.5%
TWERP!'
58%
'BED
56.6%
his
54.1%
in
54.1%
room
54.1%
up
52.4%
and
48.6%
Doom
46.4%
Gloom
46.4%
magic
43.1%
fish
42.9%
little
42.5%
instantly
42.4%
wish
41.7%
grant
41.2%
Lyrics % Correct
his
41%
They
41%
are
41%
every
40.8%
his
40.8%
his
40.3%
reality
40.2%
Fairly
40.2%
Oddparents
40.2%
Oddparents
39.8%
in
39.3%
Cause
37.6%
and
37.1%
is
36.9%
'Wands
36.9%
wings'
36.8%
things'
36.6%
Oddparents
36.3%
Fairly
36.3%
Oddparents
36.3%
crowny
35.9%
broken
35.8%
who
35.8%
'Floaty
34.7%
By
31.5%
chocolate
27.6%
shake'
27.6%
Right!'
27.5%
Oddparents
27.3%
juice
27.1%
Fairly
27.1%
large
26.9%
hot
26.8%
Lyrics % Correct
Fairly
26.8%
Oddparents
26.8%
rod
26.6%
Oddparents
26.6%
'Yeah
26.6%
snake
26.4%
birthday
26.4%
cake
26.4%
fries
26.4%
green
26.1%
giant
26.1%
moose
25.9%
goose
25.8%
rubber
25.3%
'Obtuse
24.9%
pod
24.4%
guava
24.2%
with
24.1%
pea
23.9%
bod
23.7%
kid
23.2%
buff
23.1%
you
23.1%
really
22.7%
the
22.2%
are
21.5%
your
21.4%
It
21.2%
lid
21%
when
21%
flips
20.3%
odd
19%

You're not logged in!

Compare scores with friends on all Sporcle quizzes.
Join for Free
OR
Log In

You Might Also Like...

Show Comments

Extras

Top Quizzes Today


Score Distribution

Your Account Isn't Verified!

In order to create a playlist on Sporcle, you need to verify the email address you used during registration. Go to your Sporcle Settings to finish the process.

Report this User

Report this user for behavior that violates our Community Guidelines.

Details: